000 00487nam a2200193 a 4500
001 1761486480464
003 ACL
005 20251026192010.0
008 251026s2006##################000#0#eng##
020 _a9788131704714
082 0 4 _a658.87008
_bCOX
100 1 _aCox, Roger,
_eauthor.
245 1 0 _aRetailing: An Introduction, 5/E :
260 _bPearson Education India,
_c2006.
300 _a354 pages
650 0 _aRetail trade.
942 _cENGLISH
040 _aACL
_beng
_cACL
999 _c594027
_d594027